00888 a2200241 4500020001500000020001800015082001700033090001300050100002300063245013600086260003100222300002100253490005700274700002300331700002600354700002200380700002200402700002000424830005700444942003000501999001700531952009800548 a038798528X a978038798528204a620.11015118 c537d537 aGolden, Kenneth M.10aMathematics of multiscale materials /cKenneth M. Golden, Geoffrey R. Grimmett, Richard D. James, Graeme W. Milton, Pabitra N. Sen. a[S.l.] :bSpringer,c1998. a290 p. ;c24 cm.1 aThe ima volumes in mathematics and its applications.1 aGolden, Kenneth M.1 aGrimmett, Geoffrey R.1 aJames, Richard D.1 aMilton, Graeme W.1 aSen, Pabitra N. 4aThe ima volumes in mathematics and its applications. aSNScBKk620.11015118 GOL c29167d29167 00104070aSNSbSNSd2016-05-26l0o620.11015118 GOLpSNS0000480r2016-05-26w2016-05-26yBK